SHEIKH ABDULLAH (Record no. 19556)

MARC details
000 -LEADER
fixed length control field 00324nam a2200133Ia 4500
008 - FIXED-LENGTH DATA ELEMENTS--GENERAL INFORMATION
fixed length control field 240624s9999 xx 000 0 und d
041 ## - LANGUAGE CODE
Language code of text/sound track or separate title eng
082 ## - DEWEY DECIMAL CLASSIFICATION NUMBER
Classification number 920 SYE
100 ## - MAIN ENTRY--PERSONAL NAME
Personal name SYED M H
245 ## - TITLE STATEMENT
Title SHEIKH ABDULLAH
260 ## - PUBLICATION, DISTRIBUTION, ETC.
Date of publication, distribution, etc. 2011
Place of publication, distribution, etc. Mumbai
Name of publisher, distributor, etc. Himalaya Publishing House
300 ## - PHYSICAL DESCRIPTION
Extent 261 : p. : cm. ; 22
365 ## - TRADE PRICE
Currency code RS
Price amount 30
Holdings
Withdrawn status Lost status Damaged status Not for loan Home library Current library Shelving location Date acquired Source of acquisition Cost, normal purchase price Full call number Barcode Date last seen Copy number Price effective from Koha item type
        IMTN IMTN Rack 41-B 09/27/2012 HPHPL 600.00 920 SYE 19556 06/24/2024 1 06/24/2024 Books
Designed & Maintained by: LRC IMT Nagpur Contact: lrc@imtnag.ac.in© 2024. All Rights Reserved.